| 000 | 00935nam a22003370a 4500 | ||
|---|---|---|---|
| 001 | PT37246 | ||
| 003 | AR-LpoUNG | ||
| 005 | 20210131230430.0 | ||
| 008 | 191001s2009||||ag |||||||||||||||||spa d | ||
| 020 |
_a9789871304370 _c$18.75 |
||
| 040 |
_aAR-LpoUNG _bspa _cAR-LpoUNG _eaacr |
||
| 041 | _aspa | ||
| 044 | _aag | ||
| 082 | 0 | _a982.12 212san | |
| 100 | 1 | _aGaravaglia, Juan Carlos | |
| 245 | 1 | 0 |
_aSan Antonio de Areco, 1680-1880 : _bun pueblo de la campaña, del Antiguo Régimen a la modernidad argentina |
| 260 |
_aRosario : _bProhistoria, _c2009. |
||
| 300 |
_a422 p. : _bil., tbls., gráfs. |
||
| 650 | 4 | _aANALISIS HISTORICO | |
| 650 | 4 | _aARGENTINA | |
| 650 | 4 | _aASPECTOS GEOGRAFICOS | |
| 650 | 4 | _aASPECTOS SOCIALES | |
| 650 | 4 | _aECONOMIA RURAL | |
| 650 | 4 | _aELECCIONES | |
| 650 | 4 | _aHISTORIA | |
| 650 | 4 | _aHISTORIA POLITICA | |
| 650 | 4 | _aPOBLACION | |
| 651 | 4 | _aArgentina | |
| 905 | _a37246 | ||
| 942 | _cLIB | ||
| 999 |
_c3331 _d3331 |
||